00509nam a2200181 a 4500001001300000003000900013005001700022008004100039020001000080082001800090100002300108245004700131260004800178300000900226500003500235650003400270700002300304nice12345678IN_TiNIC20260116014240.0070828s1999 cama grp 000 0 eng  ac20000a320.0954bHAR aHarrison, Seling S aIndia and Pakistanb The First Fifty Years aCambridgebCambridge University Pressc1999 a216p aincludes index and biblioraphy aIndia-Politics and Government1 aHarrison, Seling S